Study and Design of Compact and Broadband Patch Antenna (Record no. 327021)

000 -LEADER
fixed length control field 00373 a2200133 4500
001 - CONTROL NUMBER
control field 91948
082 ## - DEWEY DECIMAL CLASSIFICATION NUMBER
Classification number PR 1720
090 ## - LOCALLY ASSIGNED LC-TYPE CALL NUMBER (OCLC); LOCAL CALL NUMBER (RLIN)
-- 43895
-- 43894
100 ## - MAIN ENTRY--PERSONAL NAME
Personal name Muhammad Awais Khan; Prof Abdul Mateen, Advisor
245 ## - TITLE STATEMENT
Title Study and Design of Compact and Broadband Patch Antenna
Number of part/section of a work 64 "B" EC
260 ## - PUBLICATION, DISTRIBUTION, ETC.
Place of publication, distribution, etc. Rawalpindi
Name of publisher, distributor, etc. NUST
Date of publication, distribution, etc. 2007
300 ## - PHYSICAL DESCRIPTION
Extent 114p
500 ## - GENERAL NOTE
General note BE Project Reports
942 ## - ADDED ENTRY ELEMENTS (KOHA)
Institution code [OBSOLETE] CAE NUST
Call number prefix PR 1720
Holdings
Withdrawn status Lost status Damaged status Not for loan Collection code Permanent Location Current Location Date acquired Total Checkouts Full call number Barcode Date last seen Price effective from Koha item type
          College of Aeronautical Engineering (CAE) College of Aeronautical Engineering (CAE) 04/03/2017   PR 1720 CAEPR-1720 04/05/2017 04/05/2017 Book
© 2023 Central Library, National University of Sciences and Technology. All Rights Reserved.